Aid for trade and development results <a> management framework

Salvato in:
Dettagli Bibliografici
Natura: Libro
Lingua:inglese
Pubblicazione: Paris OECD 2013
Serie:<The> development dimension
Soggetti:
Tags: Aggiungi Tag
Nessun Tag, puoi essere il primo ad aggiungerne!!

MARC

LEADER 00000nam a2200000 4500
001 0181916
005 20240315120346.3
020 |a 978-92-64-20153-8 
022 |a 1990-1380 
041 0 |a eng 
044 |a FR 
245 1 0 |a Aid for trade and development results  |b <a> management framework 
264 1 |a Paris  |b OECD  |c 2013 
300 |a 258 s. 
490 1 |a <The> development dimension 
830 0 |a <The> development dimension 
610 2 0 |a krajiny rozvojové 
610 2 0 |a politika obchodná 
610 2 0 |a riadenie obchodu 
610 2 0 |a pomoc rozvojová 
610 2 0 |a redukcia chudoby 
610 2 0 |a programy rozvojové 
610 2 0 |a spolupráca medzinárodná 
610 2 0 |a rozvoj hospodársky 
610 2 0 |a porovnanie medzinárodné